[Event "Junior Online 4NCL Division 5"]
[Site "online"]
[Date "2021.04.01"]
[EventDate "2021.04.01"]
[Round "6.96"]
[White "Quillaud, Maxime"]
[WhiteElo "1308"]
[WhiteTeam "Desert Penguins Jupiter"]
[Black "Wilkinson, James"]
[BlackElo "1100"]
[BlackTeam "Edgware Gambits Forks"]
[Result "1-0"]
[PlyCount "151"]

1. d4 Nf6 2. c4 e6 3. Nf3 g6 4. b3 Bg7 5. Bb2 O-O 6. Nbd2 d5 7. e3 dxc4 8. Nxc4 a6 9. Be2 b5 10. Ncd2 Nc6 11. Qc2 Bb7 12. Rc1 Nh5 13. O-O f5 14. Rfd1 f4 15. Ne5 Nxe5 16. dxe5 Qg5 17. Nf3 Qg4 18. Qd3 Qf5 19. Qxf5 gxf5 20. Ng5 fxe3 21. Nxe6 Rfe8 22. Nxg7 Nxg7 23. fxe3 Ne6 24. Rd7 Kh8 25. g4 fxg4 26. Bxg4 Rg8 27. h3 h5 28. Re7 Nd8 29. e6+ Rg7 30. Rxg7 hxg4 31. Rxg4+ Kh7 32. Rxc7+ Kh6 33. Rxb7 Nxb7 34. e7 Re8 35. Bg7+ Kh5 36. Bf8 Nd6 37. Kf2 Nf5 38. Kf3 Nxe7 39. Bxe7 Rxe7 40. Kf4 Rf7+ 41. Ke4 Re7+ 42. Kd3 Rd7+ 43. Ke2 Rc7 44. a3 Rc3 45. Rb4 Kg5 46. a4 bxa4 47. bxa4 a5 48. Rb5+ Kh4 49. Rxa5 Kxh3 50. Rd5 Kg3 51. a5 Ra3 52. Kd2 Kf3 53. Rc5 Ra2+ 54. Kc3 Kxe3 55. Kb3 Ra1 56. Kb4 Kd3 57. Kb5 Kd4 58. Rc8 Rb1+ 59. Ka6 Ra1 60. Rb8 Kc5 61. Rb5+ Kc6 62. Ka7 Kc7 63. a6 Kc8 64. Rb6 Kc7 65. Rb7+ Kc8 66. Kb6 Ra2 67. a7 Rb2+ 68. Ka6 Rxb7 69. a8=Q+ Rb8 70. Qc6+ Kd8 71. Qd6+ Kc8 72. Qf8+ Kc7 73. Qf4+ Kc8 74. Ka7 Rb2 75. Qc4+ Kd7 76. Qd4+ 1-0

[Event "Junior Online 4NCL Division 5"]
[Site "online"]
[Date "2021.04.01"]
[EventDate "2021.04.01"]
[Round "6.97"]
[White "Kantaria, Shivam"]
[WhiteElo "1000"]
[WhiteTeam "Edgware Gambits Forks"]
[Black "Dane, James"]
[BlackElo "1232"]
[BlackTeam "Desert Penguins Jupiter"]
[Result "0-1"]
[PlyCount "166"]

1. e4 c5 2. Bc4 d6 3. Qh5 e6 4. Nf3 Nc6 5. Ng5 g6 6. Qf3 Nf6 7. d3 Bg7 8. Nc3 O-O 9. Qh3 Nh5 10. g4 Nf6 11. O-O Bd7 12. Bf4 Bc8 13. Bxd6 Qxd6 14. f4 Qd8 15. e5 Nh5 16. gxh5 gxh5 17. Qxh5 h6 18. Nf3 Nd4 19. Nxd4 Qxd4+ 20. Rf2 b5 21. Nxb5 Qxb2 22. Rff1 Qxc2 23. Rab1 Rb8 24. Rfc1 Qd2 25. Rd1 Qa5 26. Nd6 Rxb1 27. Rxb1 Qd8 28. Nxc8 Qxc8 29. Qg4 Qd8 30. Rb2 Qd4+ 31. Kf1 Qxb2 32. a4 Qb1+ 33. Ke2 Rb8 34. Ke3 Qc1+ 35. Ke4 Qe1+ 36. Kf3 Qf1+ 37. Ke3 Qc1+ 38. Kf3 Qd1+ 39. Kg3 Qxg4+ 40. Kxg4 Rb2 41. h4 Rg2+ 42. Kf3 Rh2 43. Kg3 Rh1 44. Kg4 Ra1 45. Bb3 Ra3 46. Bc2 Bf8 47. Kh5 Rc3 48. Bb1 Rb3 49. Bc2 Rb2 50. Bd1 Rd2 51. Bb3 Rxd3 52. Bc2 Rc3 53. Bb1 Ra3 54. a5 Rxa5 55. Kg4 c4 56. f5 exf5+ 57. Kxf5 c3 58. Kf6 Rc5 59. Bc2 Rc7 60. e6 fxe6 61. Kxe6 Rb7 62. Kd5 Rb2 63. Bg6 c2 64. Bxc2 Rxc2 65. h5 Rd2+ 66. Kc4 a6 67. Kb3 a5 68. Ka4 Ra2+ 69. Kb5 a4 70. Ka5 a3 71. Ka4 Ra1 72. Kb3 Rb1+ 73. Ka2 Rd1 74. Kb3 Rd2 75. Kc3 Rh2 76. Kb3 a2 77. Kc3 a1=Q+ 78. Kb3 Rb2+ 79. Kc4 Qa4+ 80. Kd5 Rb5+ 81. Kc6 Qa6+ 82. Kc7 Rb7+ 83. Kc8 Qa8# 0-1

[Event "Junior Online 4NCL Division 5"]
[Site "online"]
[Date "2021.04.01"]
[EventDate "2021.04.01"]
[Round "6.98"]
[White "Cleanis, Theo"]
[WhiteElo "1225"]
[WhiteTeam "Desert Penguins Jupiter"]
[Black "Zhu, Xiaocheng"]
[BlackElo "900"]
[BlackTeam "Edgware Gambits Forks"]
[Result "1-0"]
[PlyCount "57"]

1. d4 d5 2. c4 c6 3. c5 b6 4. cxb6 axb6 5. Nc3 Nd7 6. Bf4 Ngf6 7. Nf3 e6 8. a3 Ba6 9. e3 Ne4 10. Nxe4 dxe4 11. Nd2 Nf6 12. Bxa6 Rxa6 13. Qe2 Bb4 14. Qxa6 Bxd2+ 15. Kxd2 Ng4 16. Qe2 e5 17. Bg3 exd4 18. exd4 Qxd4+ 19. Kc2 O-O 20. Rhd1 Qa4+ 21. b3 Qa5 22. Qxg4 b5 23. Qxe4 Rd8 24. Rxd8+ Qxd8 25. Rd1 Qf8 26. Bd6 Qd8 27. Bc5 Qc8 28. Re1 Qa6 29. Qe8# 1-0

[Event "Junior Online 4NCL Division 5"]
[Site "online"]
[Date "2021.04.01"]
[EventDate "2021.04.01"]
[Round "6.101"]
[White "Bharathidasan Vidhya, Shravan"]
[WhiteElo "962"]
[WhiteTeam "Leeds Juniors 3"]
[Black "Ray, Ayush"]
[BlackElo "1771"]
[BlackTeam "Chess Challengers A"]
[Result "0-1"]
[PlyCount "74"]

1. d4 d5 2. Bf4 Nc6 3. Nf3 Bf5 4. e3 e6 5. Bd3 Bg6 6. Nbd2 Nf6 7. O-O Be7 8. Ne5 Nxe5 9. dxe5 Ne4 10. f3 Nc5 11. Bxg6 hxg6 12. c3 Qd7 13. Nb3 Nxb3 14. Qxb3 O-O-O 15. Rfd1 g5 16. Bg3 f6 17. exf6 gxf6 18. e4 Bd6 19. exd5 Bxg3 20. dxe6 Bxh2+ 21. Kf2 Qc6 22. Rxd8+ Rxd8 23. Qb4 Qxe6 24. c4 Bd6 25. Qc3 Bc5+ 26. Kf1 g4 27. b4 Bd4 28. Qc1 Bxa1 29. Qxa1 Qxc4+ 30. Kg1 Qd4+ 31. Kf1 Qxa1+ 32. Kf2 gxf3 33. gxf3 Rd2+ 34. Kg3 Qe5+ 35. Kg4 Qg5+ 36. Kh3 Rg2 37. f4 Qg3# 0-1

[Event "Junior Online 4NCL Division 5"]
[Site "online"]
[Date "2021.04.01"]
[EventDate "2021.04.01"]
[Round "6.102"]
[White "Sidana, Rishabh"]
[WhiteElo "1660"]
[WhiteTeam "Chess Challengers A"]
[Black "Kumar, Rehan"]
[BlackElo "950"]
[BlackTeam "Leeds Juniors 3"]
[Result "1-0"]
[PlyCount "125"]

1. e4 c6 2. d4 d5 3. e5 Bf5 4. f4 e6 5. Nf3 Bb4+ 6. Nc3 Bxc3+ 7. bxc3 Ne7 8. Bd3 Bxd3 9. cxd3 O-O 10. O-O Nd7 11. Kh1 Rc8 12. g4 f6 13. Nd2 fxe5 14. fxe5 Rxf1+ 15. Qxf1 Qf8 16. Qxf8+ Rxf8 17. Ba3 Ng6 18. Rf1 Rxf1+ 19. Nxf1 Kf7 20. h3 b6 21. Nd2 c5 22. Nb3 cxd4 23. cxd4 a5 24. Bd6 Nf4 25. Kh2 Nxd3 26. Kg3 Nb4 27. Bxb4 axb4 28. Nc1 g5 29. Nd3 Kg6 30. Nxb4 h5 31. Nc6 h4+ 32. Kf3 b5 33. Nd8 Kg7 34. Nxe6+ Kf7 35. Nxg5+ Kg6 36. Ne6 Kf7 37. Nc7 Ke7 38. Nxd5+ Ke6 39. Nc7+ Ke7 40. Nxb5 Ke6 41. Ke4 Ke7 42. Nd6 Nf8 43. Nf5+ Ke6 44. Nxh4 Nh7 45. d5+ Kf7 46. a4 Ng5+ 47. Kf5 Nxh3 48. e6+ Ke7 49. Ng6+ Kd6 50. a5 Nf2 51. a6 Nd3 52. a7 Kxd5 53. a8=Q+ Kd4 54. Qd8+ Kc3 55. e7 Kc4 56. e8=Q Kc3 57. Qc6+ Kd2 58. Qcd5 Ke1 59. Qxd3 Kf2 60. Qe7 Kg1 61. Qee3+ Kg2 62. Qdd2+ Kh1 63. Qee1# 1-0

[Event "Junior Online 4NCL Division 5"]
[Site "online"]
[Date "2021.04.01"]
[EventDate "2021.04.01"]
[Round "6.103"]
[White "RoyChowdhury, Aashita"]
[WhiteElo "950"]
[WhiteTeam "Leeds Juniors 3"]
[Black "Gupta, Shourya"]
[BlackElo "1640"]
[BlackTeam "Chess Challengers A"]
[Result "0-1"]
[PlyCount "24"]

1. e4 e5 2. Nf3 Nf6 3. Nc3 Nc6 4. Bc4 Bc5 5. O-O Ng4 6. Ng5 Qxg5 7. d3 Qh4 8. h3 Nxf2 9. Re1 Nxd1+ 10. Be3 Nxe3 11. Rac1 Nxc2+ 12. Kf1 Qf2# 0-1

[Event "Junior Online 4NCL Division 5"]
[Site "online"]
[Date "2021.04.01"]
[EventDate "2021.04.01"]
[Round "6.104"]
[White "Rajaram, Dilip"]
[WhiteElo "1635"]
[WhiteTeam "Chess Challengers A"]
[Black "Braunstein, Yael"]
[BlackElo "800"]
[BlackTeam "Leeds Juniors 3"]
[Result "0-1"]
[PlyCount "100"]

1. e4 c6 2. d4 d5 3. e5 Bf5 4. Nc3 e6 5. Bd3 Bg6 6. Nge2 Bb4 7. Bxg6 hxg6 8. Qd3 Nd7 9. a3 Bxc3+ 10. Nxc3 Ne7 11. Bg5 Nb6 12. Bxe7 Qxe7 13. Ne2 O-O-O 14. c3 Nc4 15. b4 Qg5 16. g3 Rh5 17. f4 Qh6 18. a4 Rxh2 19. Rxh2 Qxh2 20. Qf3 Rh8 21. O-O-O Qh3 22. Ng1 Qh5 23. Qxh5 gxh5 24. Nf3 f6 25. a5 Kc7 26. exf6 gxf6 27. Rh1 Kd6 28. g4 e5 29. dxe5+ fxe5 30. fxe5+ Nxe5 31. Nxe5 Kxe5 32. Rxh5+ Rxh5 33. gxh5 Kf6 34. h6 Kg6 35. h7 Kxh7 36. Kd2 Kg6 37. Ke3 Kf5 38. Kd4 Kf4 39. Kc5 Ke3 40. c4 d4 41. b5 d3 42. bxc6 bxc6 43. Kxc6 d2 44. Kc5 d1=Q 45. Kb5 Qb1+ 46. Ka6 Kd4 47. Kxa7 Kc5 48. a6 Kc6 49. Ka8 Kc7 50. c5 Qb8# 0-1

[Event "Junior Online 4NCL Division 5"]
[Site "online"]
[Date "2021.04.01"]
[EventDate "2021.04.01"]
[Round "6.105"]
[White "Ray, Ayush"]
[WhiteElo "1771"]
[WhiteTeam "Chess Challengers A"]
[Black "Bharathidasan Vidhya, Shravan"]
[BlackElo "962"]
[BlackTeam "Leeds Juniors 3"]
[Result "1-0"]
[PlyCount "127"]

1. e4 c6 2. d4 d5 3. exd5 cxd5 4. Nc3 Bf5 5. Bb5+ Nd7 6. Nxd5 Be4 7. Ne3 a6 8. Bxd7+ Qxd7 9. f3 Bg6 10. Nc4 e6 11. Nb6 Qd8 12. Nxa8 Qxa8 13. Be3 Bd6 14. Ne2 Nf6 15. Qd2 Nd5 16. c4 Bb4 17. Nc3 Bxc3 18. bxc3 Nb6 19. Qd1 Nxc4 20. Qe2 Nxe3 21. Qxe3 O-O 22. O-O Qc8 23. Rac1 Qc4 24. Qd2 Rc8 25. Rfe1 f6 26. Qe2 Qd5 27. Qxe6+ Qxe6 28. Rxe6 Bf7 29. Re2 Bg6 30. d5 Bd3 31. Rd2 Bc4 32. d6 Rd8 33. Re1 Bb5 34. Rd4 Bc6 35. c4 Kf8 36. c5 a5 37. Rb1 Kf7 38. d7 Ke7 39. Re1+ Kf7 40. Rb1 Ke7 41. Re1+ Kf7 42. f4 g6 43. g4 f5 44. gxf5 gxf5 45. Re5 Kf6 46. Rd6+ Kg7 47. Rxf5 Bxd7 48. Rfd5 Kh8 49. Rxd7 Rg8+ 50. Kf2 Rf8 51. Rd8 Rxd8 52. Rxd8+ Kg7 53. Rd7+ Kg6 54. Rxb7 h5 55. c6 Kf5 56. c7 Kxf4 57. c8=Q Ke5 58. Re7+ Kd4 59. Rd7+ Ke5 60. Qe8+ Kf6 61. Rf7+ Kg5 62. Qg8+ Kh4 63. Rf4+ Kh3 64. Qg3# 1-0

[Event "Junior Online 4NCL Division 5"]
[Site "online"]
[Date "2021.04.01"]
[EventDate "2021.04.01"]
[Round "6.106"]
[White "Kumar, Rehan"]
[WhiteElo "950"]
[WhiteTeam "Leeds Juniors 3"]
[Black "Sidana, Rishabh"]
[BlackElo "1660"]
[BlackTeam "Chess Challengers A"]
[Result "0-1"]
[PlyCount "74"]

1. e4 e5 2. Nf3 Nc6 3. Nc3 Nf6 4. d3 Bc5 5. Bg5 h6 6. Bxf6 Qxf6 7. Nd5 Qd8 8. Be2 d6 9. O-O Ne7 10. Nc3 O-O 11. Qd2 Be6 12. d4 exd4 13. Nxd4 Nc6 14. Nxc6 bxc6 15. Rfd1 f5 16. exf5 Rxf5 17. Bg4 Rxf2 18. Bxe6+ Kh8 19. Qxf2 Bxf2+ 20. Kxf2 Qf6+ 21. Kg1 Qxe6 22. Re1 Qg6 23. Re2 Re8 24. Rxe8+ Qxe8 25. Kf2 Qf7+ 26. Ke3 Qe6+ 27. Kf2 Qf5+ 28. Ke3 Qxc2 29. Ne2 Qxb2 30. Rf1 Qxa2 31. Rf8+ Kh7 32. Rc8 Qe6+ 33. Kd4 Qxc8 34. Nc3 Qg4+ 35. Ne4 d5 36. h3 Qxe4+ 37. Kc5 Qc4# 0-1

[Event "Junior Online 4NCL Division 5"]
[Site "online"]
[Date "2021.04.01"]
[EventDate "2021.04.01"]
[Round "6.107"]
[White "Gupta, Shourya"]
[WhiteElo "1640"]
[WhiteTeam "Chess Challengers A"]
[Black "RoyChowdhury, Aashita"]
[BlackElo "950"]
[BlackTeam "Leeds Juniors 3"]
[Result "1/2-1/2"]
[PlyCount "63"]

1. e4 e5 2. Nf3 Nc6 3. Bc4 Bc5 4. Nc3 Nf6 5. Ng5 O-O 6. d3 d6 7. h3 Na5 8. Bb3 Nxb3 9. axb3 Bd4 10. O-O Bxc3 11. bxc3 Qd7 12. f4 Qc6 13. c4 b5 14. fxe5 dxe5 15. Bb2 bxc4 16. bxc4 Qc5+ 17. Kh1 h6 18. Ba3 Qd4 19. Bxf8 Kxf8 20. Nf3 Qb6 21. Nxe5 Qd6 22. Nf3 Nh5 23. Ra5 Ng3+ 24. Kg1 Nxf1 25. Qxf1 Qb6+ 26. Qf2 Qxa5 27. Ne5 Qxe5 28. Qe3 Qa1+ 29. Kh2 Qe5+ 30. Kg1 Qa1+ 31. Kh2 Qe5+ 32. Kg1 1/2-1/2

[Event "Junior Online 4NCL Division 5"]
[Site "online"]
[Date "2021.04.01"]
[EventDate "2021.04.01"]
[Round "6.108"]
[White "Braunstein, Yael"]
[WhiteElo "800"]
[WhiteTeam "Leeds Juniors 3"]
[Black "Rajaram, Dilip"]
[BlackElo "1635"]
[BlackTeam "Chess Challengers A"]
[Result "0-1"]
[PlyCount "38"]

1. e4 c5 2. a3 Nc6 3. Nc3 Nf6 4. Bc4 e5 5. Nd5 Nxe4 6. d3 Nf6 7. Bg5 Be7 8. Nf3 Nxd5 9. Bxe7 Ndxe7 10. Ng5 d5 11. Bb3 Ng6 12. Nxf7 Kxf7 13. Qf3+ Qf6 14. Bxd5+ Ke7 15. Qe3 Nd4 16. O-O-O Qa6 17. f4 Qa4 18. Rd2 Rf8 19. fxe5 Rf5 0-1

[Event "Junior Online 4NCL Division 5"]
[Site "online"]
[Date "2021.04.01"]
[EventDate "2021.04.01"]
[Round "6.111"]
[White "Kumar, Satyam"]
[WhiteElo "1204"]
[WhiteTeam "Maidenhead Juniors 3"]
[Black "Singh, Nihal"]
[BlackElo "1450"]
[BlackTeam "Chess Challengers D"]
[Result "1/2-1/2"]
[PlyCount "133"]

1. e4 e5 2. Nf3 Nc6 3. Bc4 Bc5 4. d3 h6 5. Nc3 a6 6. O-O Nf6 7. Be3 Bd4 8. Bxd4 exd4 9. Ne2 d6 10. Nexd4 Nxd4 11. Nxd4 O-O 12. f4 Bg4 13. Qe1 Re8 14. Qh4 Bd7 15. Rae1 Nh7 16. Qh5 Nf6 17. Qxf7+ Kh8 18. Ne6 Qe7 19. Qxe7 Rxe7 20. Nd4 Rf8 21. Nf5 Bxf5 22. exf5 Ree8 23. Re6 b5 24. Bb3 a5 25. a3 a4 26. Ba2 d5 27. Rfe1 Rd8 28. c4 bxc4 29. dxc4 d4 30. Rd1 Ng4 31. Re4 Ne3 32. Rdxd4 Nxf5 33. Rd5 Nd6 34. Red4 Nf7 35. Rxd8 Rxd8 36. Rxd8+ Nxd8 37. Bb1 c5 38. Bc2 Nc6 39. Bxa4 Nd4 40. Kf2 Nf5 41. Bc2 Nd6 42. Bd3 Kg8 43. b4 cxb4 44. axb4 Kf8 45. Ke3 Ke7 46. Kd4 Nc8 47. c5 Kd7 48. b5 Na7 49. c6+ Kc7 50. Kc5 Nc8 51. Bf5 Nb6 52. g4 Na4+ 53. Kb4 Nb6 54. Kc5 Na4+ 55. Kb4 Nb6 56. Be4 Kd6 57. Ka5 Kc7 58. Ka6 Nc8 59. g5 hxg5 60. fxg5 Nb6 61. h4 Nc8 62. h5 Ne7 63. b6+ Kb8 64. c7+ Kc8 65. Ka7 Nc6+ 66. Bxc6 g6 67. h6 1/2-1/2

[Event "Junior Online 4NCL Division 5"]
[Site "online"]
[Date "2021.04.01"]
[EventDate "2021.04.01"]
[Round "6.112"]
[White "Sridharan, Rithvik"]
[WhiteElo "1475"]
[WhiteTeam "Chess Challengers D"]
[Black "Bade, Susmita"]
[BlackElo "1135"]
[BlackTeam "Maidenhead Juniors 3"]
[Result "1-0"]
[PlyCount "127"]

1. e4 c5 2. Nf3 e6 3. d3 Nf6 4. Nc3 Be7 5. Bg5 h6 6. Bh4 O-O 7. d4 cxd4 8. Qxd4 Nc6 9. Qd1 Qb6 10. Bc4 Qxb2 11. Ne2 Qb4+ 12. Qd2 Qxc4 13. e5 Nd5 14. Bxe7 Ncxe7 15. O-O b6 16. Ned4 Nf5 17. Nxf5 exf5 18. Rfd1 Bb7 19. a3 Nc7 20. Qxd7 Bxf3 21. gxf3 Rfd8 22. Qxf5 Rxd1+ 23. Rxd1 Nb5 24. Rd7 Nxa3 25. c3 Rf8 26. Rxa7 Qxc3 27. Qg4 Nb5 28. Rb7 Qxe5 29. Rxb6 Rb8 30. Rxh6 f5 31. Qg6 Kf8 32. Rh8+ Ke7 33. Rh7 Rb7 34. Rxg7+ Kd8 35. Rxb7 Qa1+ 36. Kg2 Qe5 37. f4 Qd5+ 38. f3 Qxb7 39. Qxf5 Nd4 40. Qf6+ Ke8 41. Qxd4 Qe7 42. Qe4 Qxe4 43. fxe4 Ke7 44. Kg3 Kf6 45. Kg4 Ke6 46. f5+ Ke5 47. Kg5 Kxe4 48. f6 Ke5 49. Kg6 Ke6 50. f7 Ke7 51. Kg7 Ke6 52. f8=Q Ke5 53. Qf6+ Ke4 54. h4 Kd5 55. h5 Ke4 56. h6 Kd5 57. h7 Ke4 58. h8=Q Kd5 59. Qhd8+ Ke4 60. Qde7+ Kd5 61. Qfd6+ Kc4 62. Qec7+ Kb5 63. Qdb6+ Ka4 64. Qca7# 1-0

[Event "Junior Online 4NCL Division 5"]
[Site "online"]
[Date "2021.04.01"]
[EventDate "2021.04.01"]
[Round "6.113"]
[White "Anchan, Anirudh"]
[WhiteElo "1086"]
[WhiteTeam "Maidenhead Juniors 3"]
[Black "Patel, Aashna"]
[BlackElo "1460"]
[BlackTeam "Chess Challengers D"]
[Result "1-0"]
[PlyCount "165"]

1. e4 e5 2. Nf3 Nf6 3. Nxe5 Nc6 4. Nf3 Bc5 5. e5 Qe7 6. Qe2 O-O 7. exf6 Qxf6 8. Qd3 Re8+ 9. Be2 d6 10. O-O Bf5 11. Qc4 Nb4 12. Bd3 Nxd3 13. cxd3 c6 14. d4 Bb6 15. d5 cxd5 16. Qxd5 Bc7 17. Nc3 Be6 18. Qd4 Qh6 19. d3 Qh5 20. Qh4 Qg6 21. Qg5 Qxd3 22. Rd1 Qc4 23. Rd4 Qc6 24. Qh5 Bb6 25. Rd1 d5 26. Ng5 h6 27. Nf3 Qc5 28. Be3 Qc6 29. Ne5 Qc7 30. Nb5 Qc2 31. Bxb6 axb6 32. b3 Ra5 33. Nd4 Qc3 34. Nxe6 Re7 35. Qg4 Qxe5 36. Nf4 g5 37. Nh3 Qe2 38. Qc8+ Kg7 39. Qc3+ Kg8 40. Qc8+ Kh7 41. Qc3 g4 42. Nf4 Qe4 43. Nh5 Qg6 44. Ng3 Rc5 45. Qd3 Qxd3 46. Rxd3 d4 47. Rdd1 Rd5 48. Rac1 d3 49. Rc8 d2 50. Kf1 Re1+ 51. Rxe1 d1=Q 52. Rxd1 Rxd1+ 53. Ke2 Rd7 54. Rc1 Re7+ 55. Kd3 Rd7+ 56. Ke4 Re7+ 57. Kf5 Kg8 58. Rc8+ Kg7 59. Nh5+ Kh7 60. Rc4 Kg8 61. Re4 Rxe4 62. Kxe4 Kh7 63. Nf6+ Kg6 64. Nxg4 f5+ 65. Kf4 fxg4 66. Kxg4 h5+ 67. Kh4 Kh6 68. h3 b5 69. g4 hxg4 70. hxg4 b4 71. f4 b5 72. f5 Kg7 73. g5 Kf7 74. Kh5 Ke7 75. f6+ Ke6 76. Kh6 Kd5 77. g6 Kd4 78. g7 Kc3 79. g8=Q Kb2 80. Qg2+ Ka1 81. f7 Kb1 82. f8=Q Ka1 83. Qff1# 1-0

[Event "Junior Online 4NCL Division 5"]
[Site "online"]
[Date "2021.04.01"]
[EventDate "2021.04.01"]
[Round "6.114"]
[White "Jha, Aarush"]
[WhiteElo "1472"]
[WhiteTeam "Chess Challengers D"]
[Black "Avezbakiev, Tom"]
[BlackElo "1068"]
[BlackTeam "Maidenhead Juniors 3"]
[Result "0-1"]
[PlyCount "48"]

1. e4 e5 2. Nf3 Nc6 3. Nc3 Bc5 4. Bc4 d6 5. d3 Nf6 6. Be3 Bxe3 7. fxe3 Bg4 8. O-O Nh5 9. h3 Bxf3 10. Qxf3 O-O 11. d4 exd4 12. exd4 Nf6 13. d5 Nd4 14. Qd3 c5 15. dxc6 Nxc6 16. Bb3 Ne5 17. Qe3 Kh8 18. Rad1 a6 19. Nd5 Rg8 20. Nxf6 gxf6 21. Qb6 Qxb6+ 22. Kh2 Qe3 23. Bxf7 Qg3+ 24. Kh1 Qxg2# 0-1

[Event "Junior Online 4NCL Division 5"]
[Site "online"]
[Date "2021.04.01"]
[EventDate "2021.04.01"]
[Round "6.115"]
[White "Singh, Nihal"]
[WhiteElo "1450"]
[WhiteTeam "Chess Challengers D"]
[Black "Kumar, Satyam"]
[BlackElo "1204"]
[BlackTeam "Maidenhead Juniors 3"]
[Result "0-1"]
[PlyCount "102"]

1. e4 e5 2. Nf3 Nc6 3. Bc4 Bc5 4. Nc3 Nf6 5. h3 d6 6. d3 h6 7. Qe2 O-O 8. Be3 Nd4 9. a3 Nxf3+ 10. Qxf3 Bxe3 11. Qxe3 Be6 12. Bxe6 fxe6 13. O-O d5 14. f4 d4 15. Qd2 dxc3 16. bxc3 Nd7 17. fxe5 Nxe5 18. d4 Nc4 19. Qe2 b5 20. a4 a6 21. axb5 axb5 22. Rab1 c6 23. e5 Qd7 24. Ra1 Rxf1+ 25. Rxf1 Rf8 26. Rxf8+ Kxf8 27. Qf2+ Qf7 28. Qe2 Ke7 29. Qe4 Kd7 30. Qe2 Qf5 31. g4 Qf4 32. Kg2 Ne3+ 33. Kg1 Qg3+ 34. Kh1 Qxh3+ 35. Qh2 Qxh2+ 36. Kxh2 Nxg4+ 37. Kg3 Ne3 38. Kh4 Nxc2 39. Kh5 Ke7 40. Kg6 Kf8 41. Kh5 b4 42. cxb4 Nxd4 43. b5 cxb5 44. Kg6 b4 45. Kh7 b3 46. Kh8 b2 47. Kh7 g5 48. Kxh6 b1=Q 49. Kxg5 Qf5+ 50. Kh6 Qg4 51. Kh7 Qg7# 0-1

[Event "Junior Online 4NCL Division 5"]
[Site "online"]
[Date "2021.04.01"]
[EventDate "2021.04.01"]
[Round "6.116"]
[White "Bade, Susmita"]
[WhiteElo "1135"]
[WhiteTeam "Maidenhead Juniors 3"]
[Black "Sridharan, Rithvik"]
[BlackElo "1475"]
[BlackTeam "Chess Challengers D"]
[Result "1-0"]
[PlyCount "51"]

1. e4 e5 2. Nf3 Nc6 3. Bc4 h6 4. O-O Nf6 5. Nc3 Bc5 6. Nd5 Nxe4 7. d3 Nf6 8. Nxf6+ Qxf6 9. Re1 d6 10. c3 Bg4 11. Bd5 O-O 12. h3 Bxf3 13. Bxf3 e4 14. Rxe4 Ne5 15. Rf4 Qe6 16. d4 Nxf3+ 17. Qxf3 Qe1+ 18. Kh2 Bb6 19. Qxb7 c5 20. Qf3 cxd4 21. cxd4 d5 22. Rf5 Bxd4 23. Rxd5 Bxb2 24. Bxb2 Qe6 25. Qg3 Rab8 26. Qxg7# 1-0

[Event "Junior Online 4NCL Division 5"]
[Site "online"]
[Date "2021.04.01"]
[EventDate "2021.04.01"]
[Round "6.117"]
[White "Patel, Aashna"]
[WhiteElo "1460"]
[WhiteTeam "Chess Challengers D"]
[Black "Anchan, Anirudh"]
[BlackElo "1086"]
[BlackTeam "Maidenhead Juniors 3"]
[Result "0-1"]
[PlyCount "46"]

1. e4 e5 2. Nf3 Nc6 3. Bc4 Nd4 4. Nxd4 exd4 5. c3 Bc5 6. cxd4 Bxd4 7. Nc3 Nf6 8. d3 Bxc3+ 9. bxc3 Qe7 10. O-O O-O 11. Bg5 h6 12. Bh4 d6 13. Re1 Be6 14. Bb3 b6 15. d4 Qd8 16. e5 g5 17. Bxg5 hxg5 18. exf6 Qxf6 19. Qh5 Rae8 20. Bc2 Qh8 21. Qxg5+ Qg7 22. Qh4 Bd5 23. Red1 Qxg2# 0-1

[Event "Junior Online 4NCL Division 5"]
[Site "online"]
[Date "2021.04.01"]
[EventDate "2021.04.01"]
[Round "6.118"]
[White "Avezbakiev, Tom"]
[WhiteElo "1068"]
[WhiteTeam "Maidenhead Juniors 3"]
[Black "Jha, Aarush"]
[BlackElo "1472"]
[BlackTeam "Chess Challengers D"]
[Result "1-0"]
[PlyCount "61"]

1. e4 c5 2. Nf3 e6 3. Nc3 Nc6 4. Bc4 a6 5. d3 b5 6. Bb3 Nf6 7. a3 b4 8. axb4 cxb4 9. Ne2 Bb7 10. O-O d5 11. exd5 exd5 12. Bg5 Be7 13. Bxf6 Bxf6 14. Re1 O-O 15. Nf4 Nd4 16. Nxd4 Bxd4 17. Rf1 Bxb2 18. Rb1 Be5 19. Qg4 Bxf4 20. Qxf4 d4 21. Rbe1 Bd5 22. Bxd5 Qxd5 23. Re5 Qd6 24. Qe4 f6 25. Rh5 h6 26. Qg6 Rab8 27. Rxh6 Qe7 28. Qh7+ Kf7 29. Qg6+ Kg8 30. h3 Qf7 31. Qh7# 1-0

[Event "Junior Online 4NCL Division 5"]
[Site "online"]
[Date "2021.04.01"]
[EventDate "2021.04.01"]
[Round "6.121"]
[White "Innani, Nipun"]
[WhiteElo "1000"]
[WhiteTeam "KEGS C"]
[Black "Salkauskas, Deimantas"]
[BlackElo "1266"]
[BlackTeam "Colchester Juniors C"]
[Result "1-0"]
[PlyCount "33"]

1. e4 e5 2. Nf3 Nc6 3. d4 exd4 4. Bc4 Nf6 5. O-O Bc5 6. Re1 O-O 7. c3 dxc3 8. Nxc3 d6 9. Bg5 Ne5 10. Nd5 Nxc4 11. Nxf6+ gxf6 12. Bh6 Re8 13. Qd5 Be6 14. Qh5 Qd7 15. Qh4 Kh8 16. Qxf6+ Kg8 17. Qg7# 1-0

[Event "Junior Online 4NCL Division 5"]
[Site "online"]
[Date "2021.04.01"]
[EventDate "2021.04.01"]
[Round "6.122"]
[White "Popovici, Serena"]
[WhiteElo "1250"]
[WhiteTeam "Colchester Juniors C"]
[Black "Jinturkar, Paras"]
[BlackElo "1000"]
[BlackTeam "KEGS C"]
[Result "1-0"]
[PlyCount "63"]

1. e4 e5 2. d4 Nc6 3. d5 Nce7 4. Nf3 f6 5. Nc3 Ng6 6. Bd3 Nf4 7. Bxf4 exf4 8. Qd2 g5 9. h3 Bh6 10. g4 d6 11. Bb5+ Bd7 12. Qd3 a6 13. Bxd7+ Qxd7 14. Qd4 c5 15. dxc6 bxc6 16. e5 fxe5 17. Qd2 Nf6 18. O-O-O Bf8 19. Rhe1 e4 20. Nxg5 d5 21. Na4 Rb8 22. Qxf4 Bd6 23. Qxf6 Rf8 24. Qd4 Bf4+ 25. Kb1 Bxg5 26. Qe5+ Kf7 27. Qxg5 c5 28. Nxc5 Qb5 29. b3 Qxc5 30. Rxd5 Qxf2 31. Rd7+ Ke6 32. Qe7# 1-0

[Event "Junior Online 4NCL Division 5"]
[Site "online"]
[Date "2021.04.01"]
[EventDate "2021.04.01"]
[Round "6.123"]
[White "Bennett, Ben"]
[WhiteElo "1000"]
[WhiteTeam "KEGS C"]
[Black "Shiva, Shrishti"]
[BlackElo "1235"]
[BlackTeam "Colchester Juniors C"]
[Result "0-1"]
[PlyCount "52"]

1. d4 d5 2. c4 dxc4 3. Nc3 Bf5 4. e3 e6 5. Bxc4 Nf6 6. Nf3 Nc6 7. O-O Be7 8. Qe2 O-O 9. e4 Bg4 10. Be3 Bxf3 11. Qxf3 Nxd4 12. Bxd4 Qxd4 13. Bb3 Qe5 14. Ne2 Qxe4 15. Qc3 Qxe2 16. Bc4 Qe4 17. Rfe1 Qc6 18. Rac1 Rac8 19. Qd3 Rfd8 20. Qh3 Qb6 21. a3 Bc5 22. Rxe6 Bxf2+ 23. Kf1 fxe6 24. Bxe6+ Kh8 25. Bxc8 Qxb2 26. Rxc7 Rd1# 0-1

[Event "Junior Online 4NCL Division 5"]
[Site "online"]
[Date "2021.04.01"]
[EventDate "2021.04.01"]
[Round "6.124"]
[White "Chung, Vince"]
[WhiteElo "1202"]
[WhiteTeam "Colchester Juniors C"]
[Black "Havis, Adam"]
[BlackElo "800"]
[BlackTeam "KEGS C"]
[Result "1-0"]
[PlyCount "33"]

1. e4 e5 2. Nf3 Nc6 3. Bc4 Bc5 4. b4 Nxb4 5. c3 Nc6 6. d4 exd4 7. O-O dxc3 8. Bxf7+ Kxf7 9. Qd5+ Ke8 10. Qh5+ g6 11. Qxc5 b6 12. Qxc3 Bb7 13. Qxh8 Kf8 14. Bh6+ Ke8 15. Qxg8+ Ke7 16. Bg5+ Kd6 17. Qd5# 1-0

[Event "Junior Online 4NCL Division 5"]
[Site "online"]
[Date "2021.04.01"]
[EventDate "2021.04.01"]
[Round "6.125"]
[White "Salkauskas, Deimantas"]
[WhiteElo "1266"]
[WhiteTeam "Colchester Juniors C"]
[Black "Innani, Nipun"]
[BlackElo "1000"]
[BlackTeam "KEGS C"]
[Result "0-1"]
[PlyCount "146"]

1. e4 e5 2. Nf3 Nf6 3. Nc3 Bc5 4. Bc4 O-O 5. d4 exd4 6. Nxd4 Re8 7. O-O Nxe4 8. Nxe4 Rxe4 9. Bxf7+ Kxf7 10. Qf3+ Qf6 11. Qxe4 Bxd4 12. Qd5+ Kf8 13. Bg5 Qf7 14. Qxd4 Nc6 15. Qf4 Qxf4 16. Bxf4 d6 17. Rae1 Bf5 18. c4 Bd3 19. b3 Bxf1 20. Kxf1 Re8 21. a3 Rxe1+ 22. Kxe1 Ke7 23. b4 Nd4 24. Kd2 c5 25. bxc5 dxc5 26. Be3 Nb3+ 27. Kc3 Na5 28. Bxc5+ Ke6 29. Bxa7 Ke5 30. Kb4 Nc6+ 31. Kb5 Nxa7+ 32. Kb6 Nc6 33. Kxb7 Na5+ 34. Ka6 Nxc4 35. a4 Ke4 36. Kb5 Nd6+ 37. Kc5 Nb7+ 38. Kb6 Nd6 39. a5 Kd3 40. a6 Nc8+ 41. Kb7 Nd6+ 42. Kc6 Nc8 43. Kc7 Na7 44. Kb7 Nb5 45. Kb6 Nd6 46. a7 Nc8+ 47. Kb7 Nxa7 48. Kxa7 Ke2 49. f4 Kf2 50. g4 Kg2 51. h4 Kg3 52. f5 Kxg4 53. Kb7 Kxf5 54. Kc7 g5 55. hxg5 Kxg5 56. Kd7 h5 57. Ke6 h4 58. Ke5 Kg4 59. Ke4 Kg3 60. Ke3 h3 61. Ke2 Kg2 62. Ke1 h2 63. Ke2 h1=Q 64. Ke3 Kg3 65. Ke2 Qh5+ 66. Ke3 Qe5+ 67. Kd3 Kf3 68. Kd2 Qe3+ 69. Kd1 Qe2+ 70. Kc1 Ke3 71. Kb1 Kd3 72. Ka1 Kc3 73. Kb1 Qb2# 0-1